Commercializing new technologies : getting from mind to market /

Tallennettuna:
Bibliografiset tiedot
Päätekijä: Jolly, Vijay K.
Aineistotyyppi: Kirja
Kieli:English
Julkaistu: Boston, Mass. : Harvard Business School Press, 1997.
Aiheet:
Tagit: Lisää tagi
Ei tageja, Lisää ensimmäinen tagi!
Thư viện lưu trữ: Mạng thư viện Đại học Đà Nẵng
LEADER 01125cam a2200349 i 4500
001 000048398
003 8114
005 20030307083921.0
008 010321|1997 vm 000 eng
020 |a 0875847609 
040 |a IRC  |c IRC  |d IRC 
041 0 |a eng 
082 1 4 |a 658.575  |b JO-V 
100 1 |a Jolly, Vijay K. 
245 0 0 |a Commercializing new technologies :  |b getting from mind to market /  |c Vijay K. Jolly. 
260 |a Boston, Mass. :  |b Harvard Business School Press,  |c 1997. 
300 |a xxi, 410 p. :  |b ill. ;  |c 23cm. 
630 0 4 |a Marketing. 
630 0 4 |a Commerce. 
650 0 4 |a Inventions  |x Marketing. 
OWN |a DUT 
AVA |a UDN50  |b DUT  |c Book  |d 658.575 JO-V  |e available  |t Error 5001 Not defined in file expand_doc_bib_avail.  |f 1  |g 0  |h N  |i 0  |j SH  |k 1 
999 |a From the UDN01 
AVA |a UDN50  |b DUT  |c Book  |d 658.575 JO-V  |e available  |t Error 5001 Not defined in file expand_doc_bib_avail.  |f 1  |g 0  |h N  |i 0  |j SH  |k 1 
TYP |a Monograph 
TYP |a Printed language 
980 |a Mạng thư viện Đại học Đà Nẵng